To those who were in authority, whom the Lord is now judging, that they may repent and find mercy from God

Bibliographic Details
Main Author: Naylor, James, 1617?-1660
Format: eBook
Language:English
Published: London, Printed for Thomas Simmons, 1660.
Series:Early English books online.
Subjects:
Online Access:Connect to the full text of this electronic book

MARC

Tag First Indicator Second Indicator Subfields
LEADER 00000nam a2200000Ia 4500
001 in00004307607
005 20200810091303.0
006 m g d
007 cr bn |||a|bb|
008 910905s1660 enk o 00| | eng d
035 |a (OCoLC)24335812 
040 |a EAF  |c EAF  |d WaOLN 
037 |a CL0037000063  |b ProQuest Information and Learning. 300 N. Zeeb Rd., Ann Arbor, MI 48106 
090 |a BX7732.N33  |b T6 
049 |a EAFA 
100 1 |a Naylor, James,  |d 1617?-1660. 
245 1 0 |a To those who were in authority, whom the Lord is now judging, that they may repent and find mercy from God 
260 |a London,  |b Printed for Thomas Simmons,  |c 1660. 
300 |a 1 online resource (1 broadside. 
336 |a text  |b txt  |2 rdacontent 
337 |a computer  |b c  |2 rdamedia 
338 |a online resource  |b cr  |2 rdacarrier 
500 |a Signed: J.N. 
500 |a Attributed to James Naylor by Wing. 
500 |a Reproduction of original in the British Library. 
510 4 |a Wing (2nd edition)  |c N321A 
533 |a Electronic reproduction.  |b Ann Arbor, Mich. :  |c UMI,  |d 1999-  |f (Early English books online)  |n Digital version of: (Early English books, 1641-1700 ; 1708:8)  |7 s1999 miun s 
610 2 0 |a Church of England  |v Controversial literature. 
650 0 |a Society of Friends  |x Doctrinal works. 
830 0 |a Early English books online. 
856 4 0 |u http://proxy.library.tamu.edu/login?url=https://search.proquest.com/docview/2240887467  |z Connect to the full text of this electronic book  |t 0 
999 f f |s a251c472-7b1b-3945-937b-1c505e655153  |i 993ebb67-556d-3764-8351-9f93d64a24d1  |t 0 
952 f f |a Texas A&M University  |b College Station  |c Electronic Resources  |d Available Online  |t 0  |e BX7732.N33 T6  |h Library of Congress classification 
998 f f |a BX7732.N33 T6  |t 0  |l Available Online